000 00248nam a2200097Ia 4500
001 800439
005 20250826171019.0
008 250824s9999 xx 000 0 und d
245 0 _aOSMANLI TARİHİ4
_cZEHRA AYGÜL
260 _bUĞUR BÖCEĞİ YAYINLARI
999 _c800439
_d800439